Huellas del camino (Record no. 187280)
[ view plain ]
| 000 -LEADER | |
|---|---|
| campo de control de longitud fija | 00854nam a2200229 i 4500 |
| 001 - NÚMERO DE CONTROL | |
| campo de control | 187280 |
| 003 - IDENTIFICADOR DE NÚMERO DE CONTROL | |
| campo de control | SpMaBN |
| 005 - FECHA Y HORA DE LA ÚLTIMA TRANSACCIÓN | |
| campo de control | 20230906222850.0 |
| 008 - DATOS DE LONGITUD FIJA--INFORMACIÓN GENERAL | |
| campo de control de longitud fija | 170522s1988 ck f |||| |dspa d |
| 080 ## - NÚMERO DE LA CLASIFICACIÓN DECIMAL UNIVERSAL | |
| Número de la Clasificación Decimal Universal | 821.134.2(861)-94"19" |
| 100 1# - ENTRADA PRINCIPAL--NOMBRE DE PERSONA | |
| Nombre de persona | Figueroa Lorza, Jennie. |
| 9 (RLIN) | 162777 |
| 245 10 - MENCIÓN DEL TÍTULO | |
| Título | Huellas del camino |
| Resto del título | : anécdotas de las encuestas para el "ALEC" / |
| Mención de responsabilidad, etc. | Jennie Figueroa Lorza. |
| 246 3# - FORMA VARIANTE DEL TITULO | |
| Título propio/Titulo breve | Atlas lingüístico-etnografico de Colombia |
| 260 ## - PUBLICACIÓN, DISTRIBUCIÓN, ETC. | |
| Lugar de publicación, distribución, etc. | Bogotá : |
| Nombre del editor, distribuidor, etc. | Instituto Caro y Cuervo, |
| Fecha de publicación, distribución, etc. | 1988. |
| 300 ## - DESCRIPCIÓN FÍSICA | |
| Extensión | 145 p., XX h. de lám. ; |
| Dimensiones | 20 cm. |
| 490 1# - MENCIÓN DE SERIE | |
| Mención de serie | La granada entreabierta ; |
| Designación de volumen o secuencia | 46 |
| 594 ## - Nota al título y mención de responsabilidad | |
| Nota al título y mención de responsabilidad | "ALEC": Atlas lingüístico-etnográfico de Colombia. |
| 710 2# - ENTRADA AGREGADA--NOMBRE DE ENTIDAD CORPORATIVA | |
| Nombre de entidad corporativa o nombre de jurisdicción como elemento de entrada | Instituto Caro y Cuervo. |
| 9 (RLIN) | 4806 |
| 830 0# - PUNTO DE ACCESO ADICIONAL DE SERIE-TÍTULO UNIFORME | |
| Título uniforme | La granada entreabierta ; |
| Designación de volumen o secuencia | 46 |
| 9 (RLIN) | 192760 |
| 852 ## - LOCALIZACIÓN | |
| Ubicación | ES-MaACL |
| Número de control de estantería | L-31630 |
| Nota libre | . - Donat. Viuda Antonio Tovar |
| Estatus retirado | Estado de pérdida | Estado de daño | No para préstamo | Biblioteca de origen | Biblioteca actual | Ubicación en estantería | Fecha de adquisición | Fuente de adquisición | Total de préstamos | Signatura topográfica completa | Código de barras | Visto por última vez | Precio de reemplazo | Tipo de ítem Koha |
|---|---|---|---|---|---|---|---|---|---|---|---|---|---|---|
| Biblioteca del Ateneo de Madrid | Biblioteca del Ateneo de Madrid | Depósito 2 | 22/05/2017 | L-31630 | 1197631 | 23/02/2023 | 23/02/2023 | Libro impreso |
